000 nam a22 7a 4500
999 _c9824
_d9824
008 180208b ||||| |||| 00| 0 eng d
100 _aGupta,K.etal.
_95914
245 _aLaboratory Skills Biology
260 _aNew Delhi
_bABD
_c2007